Destinos: una geografía turística del mundo /

Detalles Bibliográficos
Autor principal: Bassetto, María Margarita
Otros Autores: Expósito, Elba, Ferrante, Silvia, Oliveto, Juan
Formato: Libro
Publicado: Buenos Aires : s.n., 1995.
Materias:
Etiquetas: Agregar Etiqueta
Sin Etiquetas, Sea el primero en etiquetar este registro!

MARC

LEADER 00000nam a22000004a 4500
001 AR-BbUGT3881
003 AR-BbUGT
005 20181220001816.0
007 ta
008 061101t1995 |||abe |0|||0| d
020 |a 950-43-6058-0 
040 |a AR-BbUGT  |b spa  |c AR-BbUGT 
082 0 4 |a 910 
100 1 |a Bassetto, María Margarita. 
245 1 0 |a Destinos:   |b una geografía turística del mundo /   |c María Margarita Bassetto ... [et al.]. 
260 |a Buenos Aires :   |b s.n.,   |c 1995. 
300 |a 437 p. :   |b il., mapas, planos ;   |c 27 cm 
653 |a Turismo 
653 |a Destinos 
653 |a América 
653 |a Asia 
653 |a África 
653 |a Europa 
700 1 |a Expósito, Elba. 
700 1 |a Ferrante, Silvia. 
700 1 |a Oliveto, Juan. 
942 |c BK  |h 910  |i B735  |2 ddc  |6 910_000000000000000_B735 
999 |c 11197  |d 11197